Biblioteka Instytutu Północnego w Olsztynie

Widok standardowy Widok MARC

Pozycja Geographic Name

Liczba rekordów, w których użyto hasła: 1

001 - Numer kontrolny

  • control field: 39387

003 - Identyfikator numeru kontrolnego

  • control field: NUKAT

005 - Data i czas ostatniej modyfikacji

  • control field: 20260401111210.0

008 - Dane kontrolne kodowane (40 znaków)

  • fixed length control field: 050120n||azznnbabn |a ana |

010 ## - Numer kontrolny Biblioteki Kongresu

  • numer kontrolny LC: p 2004405158

034 ## - CODED CARTOGRAPHIC MATHEMATICAL DATA

  • Coordinates - westernmost longitude: E0223030
  • Coordinates - easternmost longitude: E0223030
  • Coordinates - northernmost latitude: N0540211
  • Coordinates - southernmost latitude: N0540211
  • Source: geonames

035 ## - Numer systemowy

  • numer systemowy: a10186529

035 ## - Numer systemowy

  • numer systemowy: (PL)a0000001018652

040 ## - Instytucja sporządzająca rekord

  • inst. przygot. dane do rek. khw: WA N
  • język haseł przedmiotowych/tezaurus: DBN
  • inst. wprow. rek. khw: WA N

043 ## - Kod obszaru geograficznego

  • ISO code: PL

151 ## - Hasło - nazwa geograficzna

  • nazwa geograficzna: Olecko (woj. warmińsko-mazurskie)

368 ## - Other Attributes

  • Juris type: Miasta

451 ## - Trop zob. - nazwa geograficzna

  • nazwa geograficzna: Alėcka

451 ## - Trop zob. - nazwa geograficzna

  • nazwa geograficzna: Marggrabowa

451 ## - Trop zob. - nazwa geograficzna

  • nazwa geograficzna: Margrabowo

451 ## - Trop zob. - nazwa geograficzna

  • nazwa geograficzna: Markgrabowa

451 ## - Trop zob. - nazwa geograficzna

  • nazwa geograficzna: Oletzko

451 ## - Trop zob. - nazwa geograficzna

  • nazwa geograficzna: Treuburg

451 ## - Trop zob. - nazwa geograficzna

  • nazwa geograficzna: Маргграбова

451 ## - Trop zob. - nazwa geograficzna

  • nazwa geograficzna: Олецко

550 ## - Trop zob. też - nazwa pospolita

  • nazwa posp. lub nazwa geogr. na pocz.: Hala Lega (Olecko)

550 ## - Trop zob. też - nazwa pospolita

  • nazwa posp. lub nazwa geogr. na pocz.: Kościół Podwyższenia Krzyża Świętego (Olecko)

550 ## - Trop zob. też - nazwa pospolita

  • nazwa posp. lub nazwa geogr. na pocz.: Kraina 5 miast, kraina 5 zmysłów (projekt)

550 ## - Trop zob. też - nazwa pospolita

  • nazwa posp. lub nazwa geogr. na pocz.: Miejski Ośrodek Sportu i Rekreacji (Olecko ; budynki)

550 ## - Trop zob. też - nazwa pospolita

  • nazwa posp. lub nazwa geogr. na pocz.: Pomnik Poległych w I Wojnie Światowej (Olecko)

551 ## - Trop zob. też - nazwa geograficzna

  • podpole kontrolne: h
  • nazwa geograficzna: Siejnik (Olecko ; część miasta)

670 ## - Źródło informacji

  • źródło informacji: Okręg Mazurski w dokumentach Jakuba Prawina. - Olsztyn, 1996.

670 ## - Źródło informacji

  • źródło informacji: TERYT

670 ## - Źródło informacji

  • źródło informacji: Wikipedia

682 ## - Informacja o usuniętym haśle

  • tekst wyjaśniający: zatwierdzone
Biblioteka Instytutu Północnego, ul. Partyzantów 87, 10-402 Olsztyn, email: biblioteka(at)ip.olsztyn.pl